000 00543nam a22001937a 4500
999 _c88282
_d88282
005 20231227103157.0
008 161018b xxu||||| |||| 00| 0 eng d
020 _a9788131239025
020 _a9789814920070
040 _cPK-LaUMT
082 _a616.07
_bKUM-R
100 _aKumar, Vinay
245 _aRobbins and Cotran pathologic basis of disease /
_cby Vinay Kumar, Abul K. Abbas and Jon C. Aster
250 _a10th ed.,
260 _aSingapore :
_bElsevier,
_c2015
300 _a1391 p. [2 vols]
650 _aPathology
942 _cBK